000
00277nam a2200121Ia 4500
008
190216s9999||||xx |||||||||||||| ||und||
100
_a
Batty
245
0
_a
Industrial Administration And Management
260
_b
Null
_c
1974
300
_a
567p
650
_a
Commerce
942
_c
BK
999
_c
4492
_d
4492